| 000 | 00530nam a2200217Ia 4500 | ||
|---|---|---|---|
| 001 | 5250 | ||
| 003 | GE_BSU | ||
| 008 | 181216s||||||||xx |||||||||||||| ||und|| | ||
| 040 | _cGE_BSU | ||
| 080 | _a511(075.8) | ||
| 100 | _aБухштаб, А. А. | ||
| 245 | _aТеория чисел | ||
| 245 | _cРед.Э.К.Викулина | ||
| 250 | _a2-е изд. | ||
| 260 | _aМосква | ||
| 260 | _bПросвещение | ||
| 260 | _c1966 | ||
| 300 | _a383 с. 22 см. | ||
| 653 | _aТеория чисел | ||
| 942 | _cBK | ||
| 999 |
_c38841 _d38841 |
||